000 00386 a2200169 4500
001 47076
020 _a9788538541059
040 _cAnchieta - Aquarius
100 _aBraz, Júlio Emílio
240 1 0 _aUma ratinha apaixonada
_lpor
245 1 0 _aUma ratinha apaixonada
300 _a32
362 0 _a2010
440 1 _aPositivo
650 4 _aLiteratura infanto-juvenil
942 _cBK
999 _c47076
_d47076